ბათუმის შოთა რუსთაველის სახელმწიფო უნივერსიტეტის ბიბლიოთეკა

ძველი ქართული აბანოები = An ancient georgian bath house = Древние грузинские бани : (ბიბ.ჩანაწერი № 59758)

000 -ლიდერი
ფიქსირებული სიგრძის საკონტროლო ველი 02191nam a22002537a 4500
003 - საკონტროლო ნომრის იდენტიფიკატორი
საკონტროლო ველი Ge_BSU
005 - ბოლო ოპერაციის თარიღი და დრო
საკონტროლო ველი 20230411110357.0
008 - ფიქსირებული სიგრძის მონაცემთა ელემენტები - ზოგადი ინფორმაცია
ფიქსირებული სიგრძის საკონტროლო ველი 230411s2014 ge ||||| |||| 00| 0 geo d
020 ## - წიგნის საერთაშორისო სტანდარტული ნომერი
International Standard Book Number 9789941066504
041 ## - ენის კოდი
Language code of text/sound track or separate title geo
080 ## - უნივერსალური ათობითი კლასიფიკაციის ინდექსი
Universal Decimal Classification number 725.1:613.41:903.48(479.22) ძ-49
245 ## - ცნობა სათაურის შესახებ
Title ძველი ქართული აბანოები = An ancient georgian bath house = Древние грузинские бани :
Remainder of title [მონოგრაფია] /
Statement of responsibility, etc ვ. სადრაძე, მ. ძნელაძე, ე. ღლიღვაშვილი, თ. ხოხობაშვილი ; რედ. ვაჟა სადრაძე ; საქ. ეროვნ. აკად., საქ. ტექნ. უნ-ტთან არსებული სასწ.-სამეცნ. ცენტრი "ქართული კულტურული მემკვიდრეობის შესწავლა და დაცვა".
264 ## - წარმოების, გამოცემის, დისტრიბუციის და სხვა ცნობები
გამოცემის, წარმოების, დისტრიბუციის... ადგილი თბილისი,
გამოცემის, წარმოების, დისტრიბუციის... თარიღი 2014.
300 ## - ფიზიკური აღწერა
Extent 138 გვ. :
Other physical details ილ. ;
Dimensions 20 სმ.
500 ## - ზოგადი შენიშვნა
General note ყდაზე ავტ. მითითებული არ არიან.
501 ## - შენიშვნა თანმხლებ მასალაზე
With note წინა ყდაზე: როსტომ მეფის აბანო.
უკანა ყდაზე: ძალისას აბანოს მოზაიკა, რომაული ხანა.
ტერმინთა ნუსხა: გვ. 136-137.
504 ## - BIBLIOGRAPHY, ETC. NOTE
Bibliography, etc ბიბლიოგრ.: გვ. 131-135.
700 ## - ADDED ENTRY--PERSONAL NAME
Personal name სადრაძე, ვ. (ვაჟა)
Relator term ავტორი
9 (RLIN) 17605
700 ## - ADDED ENTRY--PERSONAL NAME
Personal name ხოხობაშვილი, თ.
Relator term ავტორი
9 (RLIN) 17606
700 ## - ADDED ENTRY--PERSONAL NAME
Personal name ძნელაძე, მ.
Relator term ავტორი
9 (RLIN) 17607
700 ## - ADDED ENTRY--PERSONAL NAME
Personal name ღლიღვაშვილი, ე.
Relator term ავტორი
9 (RLIN) 17608
710 ## - ADDED ENTRY--CORPORATE NAME
Corporate name or jurisdiction name as entry element საქ. ეროვნ. აკადემია
Subordinate unit საქ. ტექნ. უნ-ტთან არსებული სასწ.-სამეცნ. ცენტრი "ქართული კულტურული მემკვიდრეობის შესწავლა და დაცვა".
9 (RLIN) 17609
942 ## - ADDED ENTRY ELEMENTS (KOHA)
Source of classification or shelving scheme
Koha item type წიგნი
ეგზემპლარები
ჩამოწერის სტატუსი დაკარგული ეგზემპლარის სტატუსი კლასიფიკაციის წყარო ან თაროზე გაწყობის სქემა დაზიანების სტატუსი არ გაიცემა მუდმივი მდებარეობა (დაცვის ადგილი) ამჟამინდელი ადგილსამყოფელი თაროზე განთავსების ადგილი შეძენის თარიღი ღირებულება, შესყიდვის ნორმალური ფასი სრული შენახვის შიფრი შტრიხკოდი ბოლო ოპერაციის თარიღი ეგზემპლარის მიმდევრობითი ნომერი (კეტერი?) ფასის ძალაში შესვლის თარიღი ეგზემპლარის სახეობა საჯარო შენიშვნა
          ბათუმის შოთა რუსთაველის სახელმწიფო უნივერსიტეტის მთავარი ბიბლიოთეკა ბათუმის შოთა რუსთაველის სახელმწიფო უნივერსიტეტის მთავარი ბიბლიოთეკა წიგნსაცავი 2023-04-11 6.00 725.1:613.41:903.48(479.22) ძ-49 64198 2023-04-11 64198 2023-04-11 წიგნი 6 ლ.